00353nam a2200121Ia 4500008004000000020001800040082001800058100002400076245004700100260002800147300001200175650004400187210210b1996 xxu||||| |||| 00| 0 eng d a0 07 460201 2 a658.1511 KULM aKULSHRESHTHA (N K). aManagement accounting: concepts and cases. aNew Delhi.bT M Hc1996 axiv,995 aManagement Accounting, Conepts, Cases